000 01060nam a22002897a 4500
003 CHAP
005 20220329140845.0
008 971013s1987 r 00010 d
010 _a58752
011 _a59724
035 _a63884
040 _cCHAP
082 _a630.72
_bI44c 1987
110 _aINIFAP. México. Campo Experimental Centro de Chiapas
_958751
245 _aGuía para la asistencia técnica agrícola del área de influuencia del Campo...
260 _aOcozocoautla, Chis. :
_bInstituto Nacional de Investigaciones Forestales y Agropecuarias,
_c1987
300 _a120 p.
_b: ilus.
590 _aBATCH-UPD
_b10
_c20130110
_lUCH01
_h1144
590 _aBATCH-UPD
_b10
_c20130410
_lUCH01
_h0729
590 _aCONVERSION
_b10
_c20130109
_lUCH01
_h1332
650 1 4 _aAgricultura
_xChiapas.
_91355
650 1 4 _aAgricultura
_xInvestigacion
_xChiapas.
_91597
901 _aBK
942 _cLIBRO
949 _a630.72 I44c 1987
_bBC
_cC
_d33724000526430
_eC
_h73108
_i63884
_mD
_si
949 _a630.72 I44c 1987
_bBC
_cC
_d33724000562443
_eC
_fc.2
_h73109
_i63884
_mD
_si
999 _c58752
_d58752